| 000 | 01176nam a2200325 c 4500 | ||
|---|---|---|---|
| 001 | 15093 | ||
| 003 | ES-MaCES | ||
| 005 | 20150925135352.0 | ||
| 008 | 030611s2003 sp d t o000 | spa d | ||
| 017 |
_aM 1327-2003 _bDL |
||
| 024 | 7 |
_a210-02-016-8 _2nipo |
|
| 035 | _aCES20030007287m | ||
| 040 |
_aES-MaCES _bspa _cES-MaCES |
||
| 245 | 0 | 0 |
_aEstudio de las ocupaciones relacionadas con el cuidado y mejora del medio ambiente _crealizado por el Observatorio Ocupacional |
| 260 |
_a[Madrid] _bInstituto Nacional de Empleo, Servicio de Observatorio Ocupacional _c[2003] |
||
| 300 |
_a383 p. _bgráf. col. _c30 cm |
||
| 541 | _cGratuito | ||
| 650 | 4 |
_aocupación _928402 |
|
| 650 | 4 |
_adescripción de ocupaciones _930470 |
|
| 650 | 4 |
_aclasificación de ocupaciones _930163 |
|
| 650 | 4 |
_acondiciones de trabajo _928327 |
|
| 650 | 4 |
_aEspaña _926964 |
|
| 650 | 4 |
_aencuesta _928856 |
|
| 653 | 1 | 0 | _aEmpleo |
| 650 | 4 |
_928715 _amedio ambiente |
|
| 710 | 2 |
_aInstituto Nacional de Empleo (España) _bObservatorio Permanente de la Evolución de las Ocupaciones _eed. _94269 |
|
| 902 | _aLIB Libro | ||
| 942 |
_2CES _cBK _h2.1. |
||
| 999 |
_c15093 _d15093 |
||